000 00978nam a2200277Ia 4500
003 OSt
005 20220930092753.0
006 a|||||r|||| 00| 0
007 ta
008 220926b |||||||| |||| 00| 0 eng d
024 _a24534
037 _cTheses
040 _aCRL
_cCRL
_beng
041 _2eng
_aeng
100 _aDuggal Ashish Kumar
_9532930
110 _aUniversity OF Delhi. Faculty OF Medical Sciences. Department OF Neurology
_9522087
245 0 _aOccurrence of memory dysfunction and brain lesions in patients with chronic migraine
260 _c2015
650 _aNEUROSCIENCES
_928635
700 _a Dr. Geeta Anjum Khwaja Gu.
700 _a Dr. Meena Gupta Gu.
700 _a Dr. Poonam Narang Gu.
_9541909
700 _aUniversity OF Delhi. Faculty OF Medical Sciences. Department OF Neurology
_9522089
942 _cDIS
_2CC
999 _c884267
_d884267